000 00680nam a2200277Ia 4500
005 20260324132236.0
008 008 260324s9999 xx 000 0 eng d
020 _a9780203799734
037 _aEBOOK
040 _aCRL
040 _beng
040 _cCRL
041 _2eng
041 _aeng
084 _qCRL
100 _aVictor Asal; David Quinn; Jonathan Wilkenfeld; Kathleen Young
_91188544
245 0 _aMediating International Crises
260 _bTaylor and Francis
260 _c2005
365 _a
365 _b230
856 _uhttp://www.taylorfrancis.com/books/9780203799734
942 _cEBOOK
999 _c1786488
_d1786488